000 00276nam a2200109Ia 4500
001 588573
005 20250717120834.0
008 250717s9999 xx 000 0 und d
245 0 _aV-3 MAVİ ORMAN TAVŞANI
_cSEVİNÇ KUŞOĞLU
260 _bERDEM YAYINLARI
_c2019
300 _b64
999 _c588573
_d588573